<?xml version="1.0" encoding="UTF-8"?>
<record
    xmlns:xsi="http://www.w3.org/2001/XMLSchema-instance"
    xsi:schemaLocation="http://www.loc.gov/MARC21/slim http://www.loc.gov/standards/marcxml/schema/MARC21slim.xsd"
    xmlns="http://www.loc.gov/MARC21/slim">

  <leader>00735nam a22002177a 4500</leader>
  <controlfield tag="005">20151130162526.0</controlfield>
  <controlfield tag="008">151130b        sp||||| |||| 00| 0 spa d</controlfield>
  <datafield tag="020" ind1=" " ind2=" ">
    <subfield code="a">8484322270</subfield>
  </datafield>
  <datafield tag="050" ind1="0" ind2="4">
    <subfield code="a">PQ 4863 .I66</subfield>
    <subfield code="b">C57 2006</subfield>
  </datafield>
  <datafield tag="100" ind1="1" ind2=" ">
    <subfield code="a">Cipolla, Carlo M.</subfield>
  </datafield>
  <datafield tag="245" ind1="1" ind2="0">
    <subfield code="a">Allegro ma non troppo /</subfield>
    <subfield code="c">Carlo M. Cipolla,</subfield>
  </datafield>
  <datafield tag="250" ind1=" " ind2=" ">
    <subfield code="a">Cuarta impresi&#xF3;n: 2006</subfield>
  </datafield>
  <datafield tag="260" ind1=" " ind2=" ">
    <subfield code="a">Barcelona, Espa&#xF1;a :</subfield>
    <subfield code="b">Cr&#xED;tica,</subfield>
    <subfield code="c">2006.</subfield>
  </datafield>
  <datafield tag="300" ind1=" " ind2=" ">
    <subfield code="a">85 paginas, </subfield>
    <subfield code="b">Ilustraciones, </subfield>
    <subfield code="c">19 X 12 cent&#xED;metros, </subfield>
  </datafield>
  <datafield tag="440" ind1=" " ind2=" ">
    <subfield code="a">Biblioteca de Bolsillo</subfield>
    <subfield code="v">N&#xFA;mero: 72</subfield>
  </datafield>
  <datafield tag="500" ind1=" " ind2=" ">
    <subfield code="a">Titulo original: Allegro ma nom troppo</subfield>
  </datafield>
  <datafield tag="504" ind1=" " ind2=" ">
    <subfield code="a">Incluye: Indices </subfield>
  </datafield>
  <datafield tag="650" ind1=" " ind2="7">
    <subfield code="2">Lemb</subfield>
    <subfield code="a">Filosof&#xED;a </subfield>
    <subfield code="x">Literatura </subfield>
  </datafield>
  <datafield tag="700" ind1="1" ind2=" ">
    <subfield code="a">Cipolla, Carlo M.</subfield>
    <subfield code="e">Traducci&#xF3;n: Pons, Maria</subfield>
  </datafield>
  <datafield tag="942" ind1=" " ind2=" ">
    <subfield code="2">lcc</subfield>
    <subfield code="c">LIB</subfield>
  </datafield>
  <datafield tag="999" ind1=" " ind2=" ">
    <subfield code="c">110008</subfield>
    <subfield code="d">110008</subfield>
  </datafield>
  <datafield tag="952" ind1=" " ind2=" ">
    <subfield code="1">0</subfield>
    <subfield code="2">lcc</subfield>
    <subfield code="4">0</subfield>
    <subfield code="7">0</subfield>
    <subfield code="a">LIC-020</subfield>
    <subfield code="b">LIC-020</subfield>
    <subfield code="c">GENERAL</subfield>
    <subfield code="d">2015-11-30</subfield>
    <subfield code="k">EH</subfield>
    <subfield code="o">PQ 4863 .I66 C57 2006</subfield>
    <subfield code="p">BFF000014610</subfield>
    <subfield code="r">2015-11-30 00:00:00</subfield>
    <subfield code="t">C: 1</subfield>
    <subfield code="y">LIB</subfield>
  </datafield>
</record>
